000 00657cab a2200241 4500
001 ABS53179
008 090401t1995 xxu||||| |||| 00| 0 eng d
035 _a(Sirsi) u2540
041 _aeng
100 _aKlein, R.
245 4 _aThe time for action
260 _c1995
350 _a0
490 _aBuilding
_v260(7902) 28 July 1995, 40(1)
520 _aTwo views on the DoE consultation paper on latent defects liability.
650 _aCONSULTATION PAPERS
650 _aLATENT DEFECTS LIABILITY
650 _aLIMITATION PERIODS
690 _aBUILT ENVIRONMENT-BUILDING PATHOLOGY
700 _aMinogue, A.
942 _n0
948 _c04/03/1997
999 _c1528
_d1528